000 00638nam a2200241Ia 4500
005 20260430150454.0
008 008 250103s9999 xx 000 0 eng d
037 _aTheses
040 _aCRL
040 _beng
040 _ceng
041 _2eng
041 _aeng
084 _qCRL
100 _aFaheemuddin Au.; Aquil Raziuddin Gu.
_91237610
245 0 _aShibli Nu’Mani and Muslim Intellectual Responses in British India
260 _c2022
300 _a250p.
650 _aHistory
700 _aUniversity of Delhi. Faculty of Social Sciences. Deptt.of History
_91237611
942 _cTH
999 _c1849861
_d1849861